Marketing artificial intelligence (Record no. 4957)

MARC details
000 -CABECERA
campo de control de longitud fija 02626cam a2200325 i 4500
001 - NÚMERO DE CONTROL
campo de control 12434067
005 - FECHA Y HORA DE LA ÚLTIMA TRANSACCIÓN
campo de control 20260512150334.0
008 - DATOS DE LONGITUD FIJA--INFORMACIÓN GENERAL
campo de control de longitud fija 220112s2022 txua b 001 0 eng
010 ## - NÚMERO DE CONTROL DE LA BIBLIOTECA DEL CONGRESO
Número de control de LC 2021062758
020 ## - NÚMERO INTERNACIONAL ESTÁNDAR DEL LIBRO
Número Internacional Estándar del Libro 9781637740798
Información calificativa (hardcover)
020 ## - NÚMERO INTERNACIONAL ESTÁNDAR DEL LIBRO
Número Internacional Estándar del Libro 1637740794
020 ## - NÚMERO INTERNACIONAL ESTÁNDAR DEL LIBRO
ISBN cancelado o inválido 9781637740804
Información calificativa (ebook)
024 ## - IDENTIFICADOR DE OTROS ESTÁNDARES
Número estándar o código 99992330378
035 ## - NÚMERO DE CONTROL DEL SISTEMA
Número de control de sistema (OCoLC)on1273670721
035 ## - NÚMERO DE CONTROL DEL SISTEMA
Número de control de sistema (CaBVaU)12434067
040 ## - FUENTE DE LA CATALOGACIÓN
Centro catalogador/agencia de origen DLC
Lengua de catalogación eng
Centro/agencia transcriptor DLC
Normas de descripción rda
Centro/agencia modificador NhCcYME
-- UtOrBLW
041 ## - CÓDIGO DE LENGUA
Código de lengua del texto/banda sonora o título independiente English
042 ## - CÓDIGO DE AUTENTICACIÓN
Código de autenticación pcc
050 00 - SIGNATURA TOPOGRÁFICA DE LA BIBLIOTECA DEL CONGRESO
Número de clasificación HF5415
Número de documento/Ítem .R56653 2022
100 ## - ENTRADA PRINCIPAL--NOMBRE DE PERSONA
Nombre de persona Roetzer, Paul,
Fechas asociadas al nombre 1978-
Término indicativo de función/relación author.
245 10 - MENCIÓN DE TÍTULO
Título Marketing artificial intelligence
Resto del título : AI, marketing, and the future of business
Mención de responsabilidad, etc. / Paul Roetzer with Mike Kaput.
264 #1 - PRODUCCIÓN, PUBLICACIÓN, DISTRIBUCIÓN, FABRICACIÓN Y COPYRIGHT
Producción, publicación, distribución, fabricación y copyright Dallas, TX :
Nombre del de productor, editor, distribuidor, fabricante Matt Holt Books,
Fecha de producción, publicación, distribución, fabricación o copyright [2022]
300 ## - DESCRIPCIÓN FÍSICA
Extensión 240 pages :
Otras características físicas illustrations ;
Dimensiones 24 cm
504 ## - NOTA DE BIBLIOGRAFÍA, ETC.
Nota de bibliografía, etc. Includes bibliographical references and index.
520 ## - SUMARIO, ETC.
Sumario, etc. Artificial intelligence is projected to generate trillions of pounds in value for businesses and the wider economy, yet many marketers still struggle to grasp what it is and how it can be applied effectively in their work.<br/><br/>The reality is that AI has the potential to transform everything.<br/><br/>While AI-driven marketing technologies may never fully deliver the science-fiction vision of autonomous, self-improving systems, even modest applications of AI can significantly enhance productivity, efficiency and overall performance.<br/><br/>Paul Roetzer, Founder and CEO of the Marketing AI Institute, and Mike Kaput, its Chief Content Officer, combine their expertise to demonstrate how marketers can embrace AI and turn it into a genuine source of competitive advantage.<br/><br/>Marketing Artificial Intelligence draws on years of research and dozens of interviews with practitioners, executives, engineers and entrepreneurs. Roetzer and Kaput set out both the current potential of AI and a near future in which marketers and machines collaborate to deliver personalised campaigns of unprecedented sophistication with remarkable simplicity.<br/><br/>As the volume of data grows exponentially, marketers’ ability to cut through the noise and turn information into actionable intelligence remains constrained. This book shows you how to make overcoming that challenge your superpower.<br/><br/>Marketing Artificial Intelligence is a practical blueprint for understanding and applying AI, providing marketers with the knowledge and confidence to stay ahead in a rapidly changing industry.
650 #0 - PUNTO DE ACCESO ADICIONAL DE MATERIA--TÉRMINO DE MATERIA
Término de materia o nombre geográfico como elemento de entrada Marketing
Subdivisión general Technological innovations
9 (RLIN) 1127
650 #0 - PUNTO DE ACCESO ADICIONAL DE MATERIA--TÉRMINO DE MATERIA
Término de materia o nombre geográfico como elemento de entrada Artificial Intelligence
9 (RLIN) 14147
700 ## - ENTRADA AGREGADA--NOMBRE PERSONAL
Nombre de persona Kaput, Mike,
Término indicativo de función/relación author.
9 (RLIN) 25906
942 ## - ELEMENTOS DE ENTRADA AGREGADA (KOHA)
Fuente del sistema de clasificación o colocación Clasificación de Library of Congress
Holdings
Estado de retiro Estado de pérdida Fuente del sistema de clasificación o colocación Estado dañado No para préstamo Biblioteca de origen Biblioteca actual Fecha de adquisición Total de préstamos Signatura topográfica completa Código de barras Fecha visto por última vez Número de copia Precio válido a partir de Tipo de ítem Koha
    Clasificación de Library of Congress     TBS Barcelona TBS Barcelona 16/09/2025   HF5415 ROE B05637 16/09/2025 1 16/09/2025 Book

Powered by Koha